[Event "Club Championships"]
[Site "Wellington Chess Club"]
[Date "2016.10.20"]
[Round "7"]
[White "Rossiter, Philip"]
[Black "Sellen, Ian"]
[Result "0-1"]
[WhiteElo "1897"]
[BlackElo "2064"]

1. c4 e6 2. d4 d5 3. Nc3 Nf6 4. Bg5 Be7 5. e3 h6 6. Bh4 O-O 7. Bd3 b6 8. Nf3
Nbd7 9. O-O Bb7 10. Rc1 c5 11. Qe2 Ne4 12. Bxe7 Nxc3 13. bxc3 Qxe7 14. cxd5
exd5 15. Bb1 a5 16. Qc2 g6 17. Rfe1 Qf6 18. Qd2 Kg7 19. e4 dxe4 20. Bxe4 Bxe4
21. Rxe4 Rae8 22. Qe3 Rxe4 23. Qxe4 Qd6 24. g3 Nf6 25. Qd3 Rc8 26. Rb1 c4 27.
Qc2 Qd5 28. Ne5 b5 29. f4 b4 30. cxb4 Qxd4+ 31. Qf2 Qxf2+ 32. Kxf2 axb4 33.
Rxb4 c3 34. Rb1 Ra8 35. Rc1 Rxa2+ 36. Kf3 Nd5 37. Ke4 Rd2 38. Nc4 f5+ 39. Ke5
Rd3 40. Na3 Nb4 (40... Nc7 41. Rd1 Rxd1 42. h3 Rd5#) 41. Nb1 c2 (41... Kf7 42.
Nxc3 Nc6#) 0-1

[Event "Club Championships"]
[Site "Wellington Chess Club"]
[Date "2016.10.20"]
[Round "7"]
[White "Sknar, Andrew"]
[Black "Konakanchi, Pramodh"]
[Result "1-0"]
[WhiteElo "1184"]
[BlackElo "1191"]

1. e4 e5 2. Nf3 Nc6 3. Bc4 h6 4. d4 exd4 5. Nxd4 Nxd4 6. Qxd4 Nf6 7. e5 Nh5 8.
Qd5 Bb4+ 9. c3 O-O 10. cxb4 c6 11. Qf3 Qh4 12. Nd2 Nf6 13. exf6 gxf6 14. Qg3+
Qxg3 15. fxg3 Re8+ 16. Be2 b6 17. Nc4 Ba6 18. b3 d5 19. Kf2 dxc4 20. Bxh6 Re5
21. g4 Rae8 22. Rhe1 Kh7 23. Bf4 Re4 24. Bd2 R4e5 25. Bc3 Rg5 26. Bd3+ cxd3 27.
Rxe8 Rxg4 28. Kf3 Rh4 29. h3 c5 30. a3 cxb4 31. axb4 Bb7+ 32. Kg3 Rh5 33. h4
Bd5 34. Bxf6 Bxb3 35. Rh8+ Kg6 36. Rxh5 Kxh5 37. Bc3 f5 38. Rxa7 b5 39. Rb7 Bc4
40. Rh7+ Kg6 41. Rc7 Kh5 42. Rxc4 bxc4 43. b5 f4+ 44. Kxf4 Kxh4 45. b6 1-0

[Event "Club Championships"]
[Site "Wellington Chess Club"]
[Date "2016.10.20"]
[Round "7"]
[White "Wevers, Alexis"]
[Black "Zhao, Aiden"]
[Result "1-0"]
[WhiteElo "1472"]
[BlackElo "1289"]

1. g3 e5 2. c4 Nf6 3. Nc3 Nc6 4. Bg2 Bc5 5. e3 O-O 6. Nge2 Re8 7. O-O d6 8. d4
Bb6 9. b3 Ba5 10. Bb2 Bg4 11. h3 Bxc3 12. Bxc3 Bxe2 13. Qxe2 exd4 14. Bxc6 bxc6
15. Bxd4 d5 16. Rfd1 dxc4 17. Qxc4 Re6 18. Rd2 Qd5 19. Qxd5 Nxd5 20. Rc1 f6 21.
a3 Rb8 22. b4 a6 23. Rdc2 Ne7 24. Bc5 Nd5 25. Rc4 Rb7 26. e4 Nb6 27. Bxb6 Rxb6
28. f3 Kf7 29. Kf2 Ke7 30. g4 Kd7 31. f4 g6 32. Ke3 g5 33. Rc5 Rb5 34. fxg5
fxg5 35. Rf5 Ree5 36. Rf7+ Re7 37. Rxe7+ Kxe7 38. Rxc6 Kd7 39. Rxa6 c6 40. Ra7+
Kd6 41. Kd4 Rb6 42. e5+ Ke6 43. Kc5 Rb5+ 44. Kxc6 Rxe5 45. b5 Re3 46. Kb7 Rd3
47. Ra6+ Ke7 48. Rc6 Rxh3 49. Kc8 h5 50. b6 hxg4 51. b7 Rb3 52. b8=Q Rxb8+ 53.
Kxb8 g3 54. Rc2 Kf6 55. Rg2 Kf5 56. Rxg3 g4 57. a4 Kf4 58. Rg1 g3 59. a5 Kf3
60. a6 g2 61. a7 Kf2 62. Rxg2+ Kxg2 63. a8=Q+ Kg3 64. Qe4 Kf2 65. Qd3 Kg2 66.
Qe3 Kh2 67. Qg5 Kh3 68. Kc7 Kh2 69. Qg4 Kh1 70. Kd6 Kh2 71. Ke5 Kh1 72. Ke4 Kh2
73. Kf3 Kh1 74. Qg2# 1-0

[Event "Club Championships"]
[Site "Wellington Chess Club"]
[Date "2016.10.20"]
[Round "7"]
[White "Wight, Joshua"]
[Black "Austin, Tama"]
[Result "1-0"]
[WhiteElo "1622"]
[BlackElo "1539"]

1. e4 d5 2. exd5 Qxd5 3. Nc3 Qd8 4. Nf3 Nf6 5. Bc4 a6 6. a3 b5 7. Ba2 c5 8. Qe2
e6 9. d3 Be7 10. O-O O-O 11. Ne4 Bb7 12. Bg5 Nbd7 13. Rfd1 Qc7 14. Rd2 Rfe8 15.
Rad1 e5 16. Bxf6 Bxf6 17. Nfg5 Re7 18. Bxf7+ Rxf7 19. Nxf7 Kxf7 20. Nxf6 Nxf6
21. f3 Qd6 22. Qf2 Nd5 23. Re1 Nf4 24. Qh4 Kg8 25. Qg4 Qd4+ 26. Kf1 Qxb2 27.
Qd7 Bd5 28. g3 Qc3 29. gxf4 Qxd2 30. Qxd5+ 1-0

[Event "Club Championships"]
[Site "Wellington Chess Club"]
[Date "2016.10.20"]
[Round "7"]
[White "Winter, Ryan"]
[Black "Stracy, Don"]
[Result "1/2-1/2"]
[WhiteElo "1533"]
[BlackElo "1748"]

1. d4 Nf6 2. Nf3 b6 3. g3 Bb7 4. Bg2 c5 5. c3 cxd4 6. cxd4 g6 7. O-O Bg7 8. Nc3
O-O 9. Re1 d5 10. Be3 Nbd7 11. a4 Rc8 12. Qb3 Ne8 13. Nxd5 Nd6 14. Bd2 e6 15.
Nc3 Nf6 16. Ne5 Bxg2 17. Kxg2 Nfe4 18. Nxe4 Nxe4 19. Be3 Bxe5 20. dxe5 Nd2 21.
Bxd2 Qxd2 22. Rad1 Qc2 23. Qxc2 Rxc2 24. Rd7 a5 25. b4 axb4 26. Rb1 Rxe2 27.
Rxb4 Rxe5 28. Rb7 Ra5 29. R7xb6 Kg7 30. R6b5 Rfa8 31. Rxa5 Rxa5 32. Kf1 Kf6 33.
Ke2 Ke5 34. Rb5+ Rxb5 35. axb5 Kd5 36. Kd3 Kc5 37. Ke4 f6 38. g4 Kxb5 39. g5
fxg5 40. Ke5 Kc4 41. Kxe6 Kd4 42. Kf6 Ke4 43. Kxg5 Kf3 44. Kh6 Kxf2 45. Kxh7 g5
46. Kh6 g4 47. Kh5 Kg2 1/2-1/2

[Event "Club Championships"]
[Site "Wellington Chess Club"]
[Date "2016.10.27"]
[Round "8"]
[White "Asher, Bruce"]
[Black "Konakanchi, Karthik"]
[Result "1-0"]
[WhiteElo "1316"]
[BlackElo "1484"]

1. e4 e5 2. Nf3 Nc6 3. Bc4 h6 4. Nc3 Nf6 5. d4 exd4 6. Nxd4 Nxd4 7. Qxd4 c5 8.
Qd3 Ng4 9. Qg3 d6 10. h3 Ne5 11. Bd5 Be7 12. Qxg7 Bf6 13. Qg3 Bh4 14. Qe3 Bg5
15. f4 Bh4+ 16. g3 Bf6 17. fxe5 Bxe5 18. Qf3 Qf6 19. Bf4 Bxf4 20. gxf4 Be6 21.
O-O-O Bxd5 22. Nxd5 Qd8 23. Rhe1 Qa5 24. a3 O-O-O 25. Qg4+ Kb8 26. e5 Rhg8 27.
Qh4 Rh8 28. Ne7 Qc7 29. exd6 Rxd6 30. Nd5 Qd7 31. Re7 Qf5 32. Qe1 Rdd8 33. Qe5+
Qxe5 34. fxe5 Rxd5 35. Rxd5 b6 36. Rxf7 Rg8 37. Rdd7 Rg1+ 38. Rd1 Rxd1+ 39.
Kxd1 h5 40. e6 Kc8 41. Rf8+ Kc7 1-0

[Event "Club Championships"]
[Site "Wellington Chess Club"]
[Date "2016.10.27"]
[Round "8"]
[White "Austin, Tama"]
[Black "Stracy, Don"]
[Result "1-0"]
[WhiteElo "1539"]
[BlackElo "1748"]

1. d4 Nf6 2. Nf3 b6 3. Bf4 Bb7 4. e3 e6 5. c4 Bb4+ 6. Nc3 Ne4 7. Rc1 g5 8. Bg3
h5 9. h3 Nxg3 10. fxg3 Bd6 11. Kf2 Qf6 12. d5 h4 13. g4 Bg3+ 14. Kg1 exd5 15.
cxd5 Qe7 16. Qd4 O-O 17. Ne4 f6 18. Nxg3 hxg3 19. Rxc7 Ba6 20. h4 Re8 21. Rc3
gxh4 22. Nxh4 Bxf1 23. Kxf1 Na6 24. Nf5 Qe4 25. Rh8+ Kf7 26. Nd6+ Kg6 27. Nxe4
1-0

[Event "Club Championships"]
[Site "Wellington Chess Club"]
[Date "2016.10.27"]
[Round "8"]
[White "Baker, Jack"]
[Black "Winter, Ryan"]
[Result "1-0"]
[WhiteElo "1619"]
[BlackElo "1533"]

1. e4 c6 2. d4 d5 3. Nc3 dxe4 4. Nxe4 Nd7 5. Ng5 Ngf6 6. Bd3 e6 7. N1f3 Be7 8.
Nxf7 Kxf7 9. Ng5+ Ke8 10. Nxe6 Qb6 11. Nxg7+ Kf7 12. Nf5 Qc7 13. Bc4+ Ke8 14.
Ng7+ 1-0

[Event "Club Championships"]
[Site "Wellington Chess Club"]
[Date "2016.10.27"]
[Round "8"]
[White "Bennett, Ezra"]
[Black "Proctor, Matthew"]
[Result "0-1"]
[WhiteElo "1414"]
[BlackElo "1369"]

1. d3 e5 2. Nf3 Nc6 3. g3 d5 4. Nxe5 Nxe5 5. Bg2 Nf6 6. Bg5 Be6 7. d4 Nc6 8.
O-O Be7 9. Bxf6 Bxf6 10. c3 O-O 11. f3 Qd7 12. Re1 Bh3 13. e3 Rfe8 14. Re2 Bxg2
15. Kxg2 Re7 16. Nd2 Rae8 17. Nf1 Bg5 18. Qd2 Na5 19. b3 h5 20. Qd3 f5 21. Rae1
h4 22. c4 hxg3 23. hxg3 g6 24. cxd5 Qxd5 25. e4 Qf7 26. b4 fxe4 27. Rxe4 Qxa2+
28. Kg1 Qc4 29. Qb1 Nc6 30. b5 Rxe4 31. Rxe4 Rxe4 32. Qxe4 Qxd4+ 33. Kg2 Qxe4
34. fxe4 Nd4 0-1

[Event "Club Championships"]
[Site "Wellington Chess Club"]
[Date "2016.10.27"]
[Round "8"]
[White "Brockway, Andrew"]
[Black "Farrington, Lawrence"]
[Result "1-0"]
[BlackElo "1811"]
[EventDate "2016.10.27"]
[WhiteElo "1801"]

1. e4 e5 2. Nf3 Nf6 3. Nxe5 d6 4. Nf3 Nxe4 5. Nc3 Nxc3 6. dxc3 Be7 7. Be3 Bg4
8. h3 Bh5 9. Qd5 Bxf3 10. Qxf3 Nc6 11. Bb5 Qd7 12. O-O O-O 13. Rfe1 a6 14. Bf1
Rfe8 15. Rad1 Rad8 16. Bc1 Qc8 17. Qh5 g6 18. Qd5 Ne5 19. Be3 Bf8 20. Be2 Bg7
21. Bg5 c6 22. Qb3 Rd7 23. f4 h6 24. Bh4 g5 25. fxe5 Bxe5 (25... gxh4 26. Bg4
Bxe5) 26. Bf2 Rde7 27. Qc4 Qe6 28. Qxe6 Rxe6 29. Bg4 R6e7 30. Kf1 Kg7 31. Bd4
f6 32. Bf5 d5 33. g4 Rh8 34. Re2 Rhe8 35. Rde1 Kf7 36. Bc5 Re6 37. Bxe6+ Rxe6
38. Bd4 1-0

[Event "Club Championships"]
[Site "Wellington Chess Club"]
[Date "2016.10.27"]
[Round "8"]
[White "Croad, Nicolas"]
[Black "Nyberg, Michael"]
[Result "1-0"]
[WhiteElo "2429"]
[BlackElo "2085"]

1. d4 d5 2. c4 c6 3. Nf3 e6 4. e3 Nf6 5. b3 Bd6 6. Bb2 Nbd7 7. Bd3 b6 8. O-O
Bb7 9. Nbd2 Qe7 10. Ne5 Ba3 11. Bxa3 Qxa3 12. f4 Qe7 13. Rf3 O-O-O 14. a4 Kb8
15. a5 Nxe5 16. fxe5 Nd7 17. axb6 Nxb6 18. Qf1 Rdf8 19. c5 Nc8 20. b4 Kc7 21.
Rf2 Kd8 22. b5 f5 23. Nb3 Rf7 24. Na5 cxb5 25. Bxb5 Qc7 26. Rb2 Ba8 27. Ba6 Ke7
28. Nb7 Rff8 29. Nd6 Bc6 30. Bb7 Rd8 31. Bxc6 Qxc6 32. Nxc8+ Rxc8 33. Rxa7+ Rc7
34. Rxc7+ Qxc7 35. Qa6 1-0

[Event "Club Championships"]
[Site "Wellington Chess Club"]
[Date "2016.10.27"]
[Round "8"]
[White "Dive, Russell"]
[Black "Ker, Anthony"]
[Result "0-1"]
[WhiteElo "2440"]
[BlackElo "2461"]

1. Nf3 d6 2. d4 Bg4 3. Nbd2 Nf6 4. h3 Bh5 5. b3 Nbd7 6. Bb2 d5 7. e3 e6 8. Be2
Be7 9. O-O O-O 10. c4 c6 11. Ne5 Bxe2 12. Qxe2 Nxe5 13. dxe5 Nd7 14. e4 dxc4
15. Nxc4 Qc7 16. f4 b5 17. Ne3 Bc5 18. Rf3 Rfd8 19. Rc1 Rac8 20. Kh1 Qa5 21. a3
Bxe3 22. Rxe3 c5 23. Rg3 Nf8 24. Rc2 Rd7 25. b4 Qb6 26. bxc5 Rxc5 27. Rxc5 Qxc5
28. Rc3 Qb6 29. Rc8 a6 30. Qc2 Rd8 31. Rc6 Qe3 32. Bc1 Qe1+ 33. Kh2 a5 34. Qc5
Rd3 35. Qc2 Qxe4 36. Rc8 Qd4 37. Qc6 Rd1 38. Qe8 Qg1+ 39. Kg3 Rd3+ 40. Kh4 Qf2+
41. Kh5 g6+ 42. Kg5 Qg3+ 0-1

[Event "Club Championships"]
[Site "Wellington Chess Club"]
[Date "2016.10.27"]
[Round "8"]
[White "Forlong-Ford, Colwyn"]
[Black "Dixon, Hamish"]
[Result "1-0"]
[WhiteElo "1726"]
[BlackElo "1648"]

1. e4 c5 2. Bc4 Nc6 3. Nc3 Na5 4. Be2 d6 5. b3 Nf6 6. Bb2 e5 7. h3 Be7 8. Bb5+
Bd7 9. Qe2 h6 10. Bc4 Nxc4 11. Qxc4 b5 12. Qe2 Bc6 13. d3 O-O 14. Nf3 b4 15.
Nd1 a5 16. O-O a4 17. Ne3 Qc7 18. Nc4 Ra7 19. Rfe1 Rfa8 20. Qf1 Bb5 21. Nfd2
Nd7 22. f4 a3 23. Bc1 exf4 24. Qxf4 Ne5 25. Rf1 Bf6 26. Nxe5 Bxe5 27. Qg4 Bxa1
28. Nf3 Qc8 29. Qg3 Qe6 30. Bf4 Be5 31. Bxe5 dxe5 32. Nxe5 Re8 33. Ng4 Qg6 34.
Rf5 Rc7 35. Qxc7 Ba6 36. Ne5 Qe6 37. Qxf7+ Qxf7 38. Nxf7 Bc8 39. Nd6 Bxf5 40.
Nxe8 Bd7 41. Nd6 Bc6 42. Kf2 Kf8 43. Ke3 Ke7 44. Nf5+ Kf6 45. Kf4 g6 46. Nd6
Ke6 47. Nc4 {Next move looks like an illegal move. White won in 62} 1-0

[Event "Club Championships"]
[Site "Wellington Chess Club"]
[Date "2016.10.27"]
[Round "8"]
[White "Forster, Bill"]
[Black "Jackson, Ross"]
[Result "1/2-1/2"]
[WhiteElo "2066"]
[BlackElo "2067"]

1. d4 d5 2. c4 e6 3. Nc3 Nf6 4. cxd5 exd5 5. Bg5 Be7 6. e3 c6 7. Qc2 Nbd7 8.
Bd3 Nf8 9. f3 h6 10. Bh4 Ne6 11. Nge2 a6 12. Rd1 g5 13. Bf2 Bd7 14. O-O Rc8 15.
e4 dxe4 16. fxe4 Ng4 17. Kh1 Nxf2+ 18. Rxf2 Qb6 {My perspective is that Black
has been dithering whilst White has been working on his thematic central play.
After the game Nic Croad says he thought the middle game favoured Black. To me
that's a rather interesting perspective. Anyway,  White how has a decisive
initiative - it's just a matter of being good enough to put it together} 19. e5
$1 {A key move, White starts opening lines} 19... Rg8 ( {not} 19... Nxd4 $2 20.
Nxd4 Qxd4 21. Bf5 {wins} ) 20. Bc4 Rg7 21. Ne4 {Another benefit of e5 was
making this lovely square available for the knight} 21... Nc7 {Hoping to block
with Nd5 and/or Be6.} 22. Nf6+ ( {White has a lovely combination available} 22.
Rxf7 $3 Rxf7 23. Nd6+ $3 {I am not going to beat myself up over missing this -
I am sure Tal would have seen it (and maybe some of the illuminati in our own
club to be fair)}  ( {I looked only at} 23. Bxf7+ Kxf7 24. Rf1+ Kg7 {and I
thought Black was defending, although Stockfish tells me it's actually mate in
11 here!} ) 23... Bxd6 24. Bxf7+ Kxf7 25. Qh7+ Ke8 {and now} 26. exd6
{unstoppably threatens mate two different ways} ) 22... Bxf6 23. Rxf6 {This
should still have been good enough to win. Stockfish is saying +4 and d5 is
very threatening...} 23... Be6 24. d5 $4 {But not now - somehow I thought the
pins across the 6th rank and the c file were working for me, but I missed the
obvious, as so often happens} 24... cxd5 $1 {The other captures really do work
for White} 25. Nd4 $5 {Still trying for some magic - Stockfish recommends
calmly withdrawing the bishop with more than enough compensation for the pawn}
( {Only now did I realise that after my intended} 25. Bxd5 $4 Nxd5 26. Qxc8+
Bxc8 27. Rxb6 {Black's stupid d5 knight can recapture, and he wins instead of
me, the really sad thing is that I saw this clearly at some point, but somehow
forgot} ) 25... dxc4 26. Nf5 Rg8 $2 ( {I was planning} 26... Bxf5 27. Qxf5
{attacking rook and queen, but I missed} 27... Ne6 {blocking both attacks.
Then} 28. Rd6 {is good enough to set up a perpetual apparently} ) 27. Nd6+ $1
{Now White is actually winning again} 27... Ke7 28. Nxc8+ ( {But there was no
way I was going to see} 28. Rxf7+ $3 Bxf7 29. Qf5 {with just 5 minutes left and
my nerves shattered by previous events. This is even prettier than the earlier
Rxf7 combo - White is a rook and a piece down but his pieces are so well
coordinated that Black is completely helpless. Stockfish says +9} ) 28... Rxc8
29. Rxh6 Qe3 $1 {I could still hope to make something happen if I could defend
my e pawn - but once Black captures that he critically defends h8. On playing
this move Ross very sportingly offered a draw. A sympathy draw if you like..}
1/2-1/2

[Event "Club Championships"]
[Site "Wellington Chess Club"]
[Date "2016.10.27"]
[Round "8"]
[White "Sknar, Andrew"]
[Black "Zhao, Aiden"]
[Result "0-1"]
[WhiteElo "1184"]
[BlackElo "1289"]

1. e4 e5 2. Nf3 Nc6 3. Bc4 Bc5 4. d3 Nf6 5. Ng5 O-O 6. O-O d6 7. h3 h6 8. Nf3
Be6 9. Bxe6 fxe6 10. c3 d5 11. d4 exd4 12. cxd4 Bb6 13. e5 Nd7 14. Qd3 Nb4 15.
Qd2 Qe7 16. b3 c5 17. Ba3 Ba5 18. dxc5 Qxc5 19. Rc1 Qb5 20. Nd4 Qb6 21. Nxe6
Qxe6 22. Bxb4 Bxb4 23. Qxb4 Qxe5 24. Nd2 Nb6 25. Nf3 Qe6 26. Rc7 Rab8 27. Qe7
Qf6 28. Qxf6 Rxf6 29. Re1 Rc6 30. Rce7 Kf8 31. R7e5 Rc2 32. Rf5+ Kg8 33. a3 Rb2
34. Re3 Ra2 35. a4 Rc8 36. Ne1 Rcc2 37. Nxc2 Rxc2 38. Re7 Rb2 39. Rf3 Rb1+ 40.
Kh2 Rd1 41. Rg3 Kf8 42. Rgxg7 d4 43. Rgf7+ Kg8 44. Rh7 d3 45. Rxh6 d2 46. Re2
Rh1+ 47. Kg3 d1=Q 48. Re8+ Kg7 49. Reh8 Qxb3+ 50. f3 Qd5 51. R8h7+ Kf8 52. Rh8+
Ke7 53. R8h7+ Kd8 54. Rh8+ Kc7 55. Rh5 Qd6+ 56. Kh4 Qf4+ 57. g4 Rg1 58. Rc5+
Kd6 59. Rf5 Qe3 60. Kh5 Rh1 61. Rh6+ Kc7 62. Rf7+ Nd7 63. h4 Qf2 64. Kg5 Qd2+
65. f4 Qd5+ 66. f5 Qxf7 67. Rg6 Ne5 68. Rf6 Qg7+ 69. Rg6 Nxg6 70. fxg6 Rd1 71.
h5 Rd5+ 72. Kh4 Qf6+ 73. Kh3 Rd3+ 74. Kg2 Qf3+ 75. Kh2 Rd2+ 76. Kg1 Qd1# 0-1

[Event "Club Championships"]
[Site "Wellington Chess Club"]
[Date "2016.10.27"]
[Round "8"]
[White "Sole, Michael"]
[Black "Wight, Joshua"]
[Result "1/2-1/2"]
[WhiteElo "1637"]
[BlackElo "1622"]

1. e4 e5 2. Nf3 Nc6 3. Bb5 Bd6 4. d4 Nxd4 5. Nxd4 exd4 6. Qxd4 Qf6 7. Qxf6 Nxf6
8. O-O O-O 9. Re1 Re8 10. Bd3 b6 11. Nc3 h6 12. h3 a6 13. Bd2 Bb7 14. Re2 Re7
15. Rae1 Rae8 16. f4 Bc5+ 17. Be3 Bb4 18. Bd4 Bxc3 19. Bxc3 Nxe4 20. Be5 Ng3
21. Re3 Nh5 22. Kf2 Nf6 23. Bc4 b5 24. Bb3 Nd5 25. Bxd5 Bxd5 26. Bxc7 Rxe3 27.
Rxe3 Rxe3 28. Kxe3 Bxg2 29. h4 Kf8 30. Bd6+ Ke8 31. Kd4 a5 32. Kc5 Bc6 33. b3
a4 34. bxa4 bxa4 35. Kb4 f6 36. a3 Kf7 37. c4 g5 38. hxg5 fxg5 39. fxg5 hxg5
40. c5 Kf6 41. Kc3 Ke6 42. Kd4 g4 43. Bg3 1/2-1/2

[Event "Club Championships"]
[Site "Wellington Chess Club"]
[Date "2016.10.27"]
[Round "8"]
[White "Stone, Andrew"]
[Black "Sellen, Ian"]
[Result "1-0"]
[WhiteElo "2047"]
[BlackElo "2064"]

1. e4 e6 2. d4 d5 3. Nc3 Nf6 4. e5 Nfd7 5. f4 c5 6. Nf3 Nc6 7. Be3 a6 8. Qd2 b5
9. a3 Qb6 10. g3 cxd4 11. Nxd4 Bc5 (11... Nxd4 12. Bxd4 Bc5 13. Ne2 Bxd4 14.
Qxd4 Bb7 { Nepomniachtchi-Grachev Moscow 2010 ended in a draw in 43 moves} )
12. Nce2 a5 13. Bg2 O-O 14. O-O f6 15. exf6 Nxf6 16. Kh1 Ne4 17. Qd3 {Black has
a perfectly acceptable position, but now makes a series of blunders} 17... Ba6
$4 18. Nxe6 $1 Bxe3 19. Qxd5 Rf7 $2 {Bad, but black was already in trouble}  (
19... Nf6 20. Qxc6 Qxc6 21. Bxc6 Rac8 22. Bf3 Rfe8 {black is 2 pawns down with
very little compensation} 23. N2d4) 20. Bxe4 Bb7 21. Bxh7+ $1 Kh8 $2 (21...
Kxh7 22. Ng5+ {also loses but at least mate is not immediately forced} ) 22.
Qh5 Nd4+ 23. Be4+ $1 {Pretty} 23... Kg8 24. Qh7# 1-0

[Event "Club Championships"]
[Site "Wellington Chess Club"]
[Date "2016.10.27"]
[Round "8"]
[White "Wastney, Scott"]
[Black "Timergazi, Layla"]
[Result "1-0"]
[WhiteElo "2448"]
[BlackElo "2105"]

1. e4 c6 2. d4 d5 3. e5 c5 4. dxc5 e6 5. a3 Bxc5 6. b4 Bb6 7. Nf3 Nc6 8. Bb2
Nh6 9. Bd3 Ne7 10. Nbd2 Nef5 11. c4 dxc4 12. Nxc4 O-O 13. Nxb6 Qxb6 14. O-O Rd8
15. Qe2 Bd7 16. Rfd1 Ba4 17. Rd2 Rac8 18. Re1 a6 19. Bb1 Bb5 20. Rxd8+ Rxd8 21.
Qe4 Bc6 22. Qf4 Qb5 23. h3 a5 24. Bc3 Qa4 25. Qg5 Rd7 26. bxa5 Qb3 27. Qc1 Bxf3
28. gxf3 Rc7 29. Qd1 Qxd1 30. Rxd1 f6 31. Bb2 Nh4 32. exf6 Nxf3+ 33. Kf1 gxf6
34. Bxf6 Kf7 35. Bd8 Rc3 36. Be4 Rxa3 37. Bxb7 Nf5 38. a6 Ne5 39. Bb6 1-0

[Event "Club Championships"]
[Site "Wellington Chess Club"]
[Date "2016.10.27"]
[Round "8"]
[White "Wevers, Alexis"]
[Black "Kibblewhite, Daniel"]
[Result "1/2-1/2"]
[WhiteElo "1472"]
[BlackElo "1418"]

1. g3 e5 2. c4 Nf6 3. Bg2 Nc6 4. Nc3 Bc5 5. e3 O-O 6. Nge2 Re8 7. O-O a6 8. d4
exd4 9. exd4 Be7 10. Be3 Rb8 11. Nf4 b6 12. a3 Bb7 13. Ncd5 Nxd5 14. Nxd5 Bg5
15. Qf3 Bxe3 16. fxe3 Rf8 17. b4 Ne7 18. e4 Nxd5 19. exd5 Qg5 20. Rae1 f5 21.
Qf4 Qxf4 22. Rxf4 g6 23. Re7 Rf7 24. Re5 d6 25. Re6 Bc8 26. Re3 Bd7 27. c5 Re8
28. Rc3 Bb5 29. Kf2 Re2+ 30. Kg1 Rfe7 31. cxd6 cxd6 32. Rc8+ Kg7 33. Rb8 Ra2
34. Rxb6 Re1+ 35. Bf1 Bxf1 36. Rxf1 Rxf1+ 37. Kxf1 Rxa3 38. Rxd6 Rd3 39. Rxa6
Rxd4 40. d6 Rxb4 41. Ra7+ Kf6 42. Rxh7 Rd4 43. d7 Ke6 44. Rg7 Kf6 45. Rh7 Ke6
46. Rh8 Rxd7 47. Re8+ 1/2-1/2

[Event "Club Championships"]
[Site "Wellington Chess Club"]
[Date "2016.10.27"]
[Round "8"]
[White "Wilkins, Mark"]
[Black "Rossiter, Philip"]
[Result "1-0"]
[WhiteElo "1969"]
[BlackElo "1897"]

1. d4 e6 2. c4 Nf6 3. Nc3 Bb4 4. Qc2 d5 5. e3 O-O 6. Bd3 Nbd7 7. Nf3 Re8 8.
cxd5 exd5 9. O-O Nf8 10. a3 Be7 11. Bd2 c6 12. b4 Bg4 13. Ne5 Bd6 14. f4 Qc7
15. h3 Bd7 16. g4 Ng6 17. Rf2 Qc8 18. Raf1 Nh4 19. Rh2 Ne4 20. Nxe4 dxe4 21.
Bxe4 f5 22. Bd3 g5 23. Be1 fxg4 24. Bxh4 gxh4 25. hxg4 Bxe5 26. fxe5 Bxg4 27.
Rxh4 h5 28. Bc4+ 1-0

[Event "Club Championships"]
[Site "Wellington Chess Club"]
[Date "2016.10.27"]
[Round "8"]
[White "Zhao, Jeffrey"]
[Black "Konakanchi, Karthik"]
[Result "0-1"]
[WhiteElo "980"]
[BlackElo "1484"]

1. e4 e5 2. Nf3 Nc6 3. Bc4 h6 4. O-O Nf6 5. Nc3 Bc5 6. d3 O-O 7. Bd2 d6 8. a3
a6 9. b4 Ba7 10. Qe1 Bg4 11. h3 Bxf3 12. gxf3 Nd4 13. Qd1 Qd7 14. a4 Qxh3 15.
b5 Nxf3+ 16. Qxf3 Qxf3 17. Be1 Ng4 18. Nd1 Qg3+ 19. Kh1 Qh2# 0-1

[Event "Club Championships"]
[Site "Wellington Chess Club"]
[Date "2016.11.03"]
[Round "9"]
[White "Asher, Bruce"]
[Black "Sknar, Andrew"]
[Result "1-0"]
[WhiteElo "1316"]
[BlackElo "1184"]

1. e4 e5 2. Nf3 Nc6 3. Bb5 Bd6 4. Nc3 Qe7 5. d3 Bb4 6. O-O Nd4 7. Nxd4 exd4 8.
Nd5 Qc5 9. Bf4 Kf8 10. a3 Ba5 11. Bc4 c6 12. b4 cxd5 13. bxc5 dxc4 14. Be5 Bc3
15. Rb1 h5 16. Qf3 h4 17. Qg4 d6 18. Qxg7+ Ke8 19. Bxd6 Rh6 20. Qxg8+ Kd7 21.
Qxf7+ Kc6 22. Qc7# 1-0

[Event "Club Championships"]
[Site "Wellington Chess Club"]
[Date "2016.11.03"]
[Round "9"]
[White "Baker, Jack"]
[Black "Wight, Joshua"]
[Result "1-0"]
[WhiteElo "1619"]
[BlackElo "1622"]

1. e4 e5 2. d4 exd4 3. c3 dxc3 4. Bc4 Nc6 5. Nf3 g6 6. Nxc3 Bg7 7. O-O Nge7 8.
Ng5 Ne5 9. Bb3 h6 10. f4 O-O 11. fxe5 hxg5 12. Bxg5 Qe8 13. Bf6 Nc6 14. Nd5 d6
15. Nxc7 Qd7 16. Nxa8 Nxe5 17. Bxg7 Kxg7 18. Rc1 Nc6 19. Qd5 Qe7 20. Rxf7+ Rxf7
21. Qxf7+ Qxf7 22. Bxf7 Kxf7 23. Rf1+ Ke7 24. Nc7 Be6 25. Nd5+ Bxd5 26. exd5
Nb4 27. Re1+ Kd7 28. Re6 Nxa2 29. Rxg6 Nb4 30. Rg7+ Kc8 31. Rg5 a5 32. h4 Nd3
33. h5 1-0

[Event "Club Championships"]
[Site "Wellington Chess Club"]
[Date "2016.11.03"]
[Round "9"]
[White "Bennett, Ezra"]
[Black "Kibblewhite, Daniel"]
[Result "1-0"]
[WhiteElo "1414"]
[BlackElo "1418"]

1. d3 e5 2. Nf3 Nc6 3. g3 Nf6 4. Nc3 Bc5 5. e3 d5 6. Bg2 O-O 7. Nd2 Re8 8. b3
d4 9. Nce4 Nxe4 10. Bxe4 dxe3 11. f3 exd2+ 12. Bxd2 Qf6 13. c3 Bf5 14. Qe2 Bxe4
15. fxe4 a5 16. h4 b5 17. Rf1 Qe6 18. h5 h6 19. g4 b4 20. Qg2 bxc3 21. Bxc3 Bd4
22. Kd2 Bxc3+ 23. Kxc3 Nd4 24. Kd2 c5 25. Ke3 a4 26. Rab1 axb3 27. axb3 Nxb3
28. Rb2 c4 29. g5 cxd3 30. Rf6 gxf6 31. gxf6+ 1-0

[Event "Club Championships"]
[Site "Wellington Chess Club"]
[Date "2016.11.03"]
[Round "9"]
[White "Cunningham, Patrick"]
[Black "Austin, Tama"]
[Result "0-1"]
[WhiteElo "1652"]
[BlackElo "1539"]

1. d4 d5 2. Nf3 Nf6 3. g3 Bg4 4. Bg2 e6 5. O-O Nbd7 6. c4 c6 7. cxd5 cxd5 8.
Nc3 Bb4 9. Bg5 O-O 10. Ne5 Qa5 11. Nxg4 Nxg4 12. h3 Ngf6 13. Qd3 Rfc8 14. Rfc1
h6 15. Bxf6 Nxf6 16. Kh2 Rc7 17. a3 Bxc3 18. Rxc3 Rxc3 19. bxc3 Rc8 20. Rb1
Rxc3 21. Qd2 Rxa3 22. Qxa5 Rxa5 23. Rxb7 Kf8 24. Bf3 Ke8 25. Kg2 Nd7 26. e4 Nf6
27. exd5 exd5 28. Be2 Ra3 29. Bb5+ Kf8 30. Rb8+ Ke7 31. Rb7+ Ke6 32. Rc7 a5 33.
Rc6+ Kf5 34. Rc7 Ke4 35. Rxf7 Kxd4 36. Rxg7 Ne4 37. Be2 Ra2 38. Kf3 Ng5+ 39.
Rxg5 hxg5 40. Ba6 Ke5 41. h4 gxh4 42. gxh4 Ra4 43. Kg3 Kf5 44. Bb7 Rd4 45. Bc8+
Kg6 46. f4 a4 47. Kg4 a3 48. Bf5+ Kh6 49. Bb1 Rd1 50. Ba2 d4 51. Kf5 Kh5 52.
Ke5 Rd2 53. Bf7+ Kxh4 54. f5 Kg5 55. Be6 a2 56. Bxa2 Rxa2 57. Kxd4 Kxf5 0-1